Écrivez ces prénoms de la forme masculine à la forme féminine - Statistiques

Statistiques générales
  • Ce quiz a été pris 258 fois
    252 depuis la dernière actualisation
  • Le résultat moyen est 11 sur 15
Statistiques - réponses
Prénoms sous forme masculine Prénoms sous forme féminine % Correct
Gabriel Gabrielle/Gabriella/Gabriela
99%
Jean Jeanne/Jeannette
99%
Martin Martine/Martina
99%
Alexandre Alexandra/Alexandrine/Alexia/Alix
98%
Christian Christine/Christiane
97%
Simon Simone/Simona
97%
Victor Victoire/Victoria/Victorine
97%
Frédéric Frédérique/Frederica
92%
Natalis Natalie/Nathalie/Natalia/Nathalia
88%
Evan Evane/Evana
61%
Isidore Isadora/Isidora
60%
Xavier Xavière
58%
Baptiste Baptistine
29%
Thomas Thomase/Thomasine/Thomasina
27%
Marc Marcie/Marcia/Marcy/Marcienne
25%
Aucun quiz correspondant
Distribution des résultats
% des personnes avec chaque résultat
Percentile par nombre de réponses
Votre historique - résultats
Vous n’avez pas pris ce quiz depuis la dernière actualisation